Statistics for Sushi Translation

Click here to take the quiz!

General Stats

  • This quiz has been taken 12,091 times
    (5,872 since last reset)
  • The average score is 10 of 20

Answer Stats

JapaneseEnglish% Correct
Sake (fish)Salmon
84%
MaguroTuna
82%
UnagiEel (Freshwater)
80%
NoriSeaweed
78%
EbiShrimp
64%
TamagoOmelette
63%
TakoOctopus
55%
EdamameSoybean
54%
FuguPuffer fish
53%
IkaSquid
49%
KaniCrab
48%
TobikoFlying fish eggs
44%
Kappa maki{Cucumber} roll
40%
UniSea Urchin
40%
HamachiYellowtail
26%
SabaMackerel
25%
HotateScallop
24%
HamaguriClam
22%
ToroFatty tuna
21%
IkuraSalmon roe
18%

Score Distribution

Percentile by Number Answered

Percent of People with Each Score

Your Score History

You have not taken this quiz since the last reset